| 000 | 00719nam a22002297a 4500 | ||
|---|---|---|---|
| 005 | 20210325204907.0 | ||
| 008 | s2010 eng d | ||
| 020 | _a9781847039200 | ||
| 041 | _aeng | ||
| 090 | _aKS11.G7 A44E 2010 | ||
| 100 | 0 | _aCooper, Simon | |
| 245 | 1 | 0 | _aElliott and Wood's cases and materials on criminal law [10th] |
| 260 | 3 |
_aLondon : _bSweet & Maxwell, _c2010 |
|
| 300 |
_a785 p. ; _b 24 cm. |
||
| 650 | 0 | 4 | _aCriminal law -- Wales |
| 650 | 0 | 4 | _aCriminal law -- England |
| 850 | _aNALT | ||
| 942 | _cLB | ||
| 997 |
_a9092 _kVC |
||
| 997 | _c000000000062088 | ||
| 998 | _aนางสุกัญญา กัลยา | ||
| 999 |
_c62088 _d62088 |
||